000
00281nam a22001217a 4500
008
170504b xxu||||| |||| 00| 0 eng d
041
_a
eng
080
_a
342
100
_a
14
101
_a
SHJ
245
_a
U.S CODE CONGRESSIONAL AND ADMINISTRATIVE NEWS
_c
STATE
942
_2
udc
_c
BK
999
_c
12649
_d
12649